[Event "DVM U10 2023"]
[Site "Magdeburg GER"]
[Date "2023.12.28"]
[Round "3"]
[White "Buff, Hannes"]
[Black "Naumann, Julian"]
[Result "1/2-1/2"]
[Termination "normal"]
[Board "13.2"]
[WhiteElo "849"]
[BlackElo "1021"]
[WhiteClock "00:28:13"]
[BlackClock "00:28:50"]
[WhiteTeam "SC Turm Erfurt"]
[BlackTeam "SV Dresden-Leuben"]
[PlyCount "96"]
[EventCountry "GER"]
[EventRounds "7"]
[EventType "team-swiss"]
[EventDate "2023.12.27"]

1. e4 {[%clk 00:55:06]} {[%emt 00:00:02]} e5 {[%clk 00:55:07]} {[%emt
00:00:04]} 2. Nf3 {[%clk 00:55:03]} {[%emt 00:00:09]} Nc6 {[%clk 00:55:08]}
{[%emt 00:00:04]} 3. d4 {[%clk 00:54:50]} {[%emt 00:00:17]} exd4 {[%clk
00:55:06]} {[%emt 00:00:08]} 4. Bc4 {[%clk 00:54:46]} {[%emt 00:00:08]} Bc5
{[%clk 00:54:15]} {[%emt 00:00:56]} 5. c3 {[%clk 00:54:40]} {[%emt 00:00:11]}
d6 {[%clk 00:53:54]} {[%emt 00:00:26]} 6. cxd4 {[%clk 00:54:23]} {[%emt
00:00:22]} Bb6 {[%clk 00:53:46]} {[%emt 00:00:13]} 7. Ng5 {[%clk 00:53:56]}
{[%emt 00:00:31]} Nh6 {[%clk 00:53:21]} {[%emt 00:00:31]} 8. Nf3 {[%clk
00:51:55]} {[%emt 00:02:06]} Bg4 {[%clk 00:53:09]} {[%emt 00:00:16]} 9. Be3
{[%clk 00:50:43]} {[%emt 00:01:18]} Qf6 {[%clk 00:52:27]} {[%emt 00:00:46]} 10.
O-O {[%clk 00:49:20]} {[%emt 00:01:15]} Bxf3 {[%clk 00:52:18]} {[%emt
00:00:29]} 11. Qxf3 {[%clk 00:48:54]} {[%emt 00:00:28]} Qxf3 {[%clk 00:52:16]}
{[%emt 00:00:08]} 12. gxf3 {[%clk 00:48:49]} {[%emt 00:00:10]} O-O-O {[%clk
00:52:04]} {[%emt 00:00:18]} 13. Rd1 {[%clk 00:48:25]} {[%emt 00:00:28]} Nb4
{[%clk 00:51:50]} {[%emt 00:00:19]} 14. Nc3 {[%clk 00:47:40]} {[%emt 00:00:50]}
Nc2 {[%clk 00:51:47]} {[%emt 00:00:09]} 15. Rac1 {[%clk 00:47:20]} {[%emt
00:00:24]} Nxe3 {[%clk 00:51:40]} {[%emt 00:00:13]} 16. fxe3 {[%clk 00:47:16]}
{[%emt 00:00:09]} f5 {[%clk 00:51:29]} {[%emt 00:00:16]} 17. Be6+ {[%clk
00:46:41]} {[%emt 00:00:39]} Kb8 {[%clk 00:51:28]} {[%emt 00:00:07]} 18. Bxf5
{[%clk 00:46:07]} {[%emt 00:00:31]} Nxf5 {[%clk 00:51:29]} {[%emt 00:00:11]}
19. exf5 {[%clk 00:46:04]} {[%emt 00:00:09]} Rhf8 {[%clk 00:51:11]} {[%emt
00:00:22]} 20. e4 {[%clk 00:44:55]} {[%emt 00:01:14]} g6 {[%clk 00:48:04]}
{[%emt 00:03:14]} 21. fxg6 {[%clk 00:44:24]} {[%emt 00:00:35]} hxg6 {[%clk
00:47:54]} {[%emt 00:00:15]} 22. Nd5 {[%clk 00:44:01]} {[%emt 00:00:29]} Rxf3
{[%clk 00:47:15]} {[%emt 00:00:43]} 23. Nxb6 {[%clk 00:43:54]} {[%emt
00:00:12]} axb6 {[%clk 00:47:10]} {[%emt 00:00:10]} 24. Rf1 {[%clk 00:42:34]}
{[%emt 00:01:24]} Re3 {[%clk 00:47:03]} {[%emt 00:00:13]} 25. Rfe1 {[%clk
00:41:53]} {[%emt 00:00:45]} Rf3 {[%clk 00:46:11]} {[%emt 00:00:58]} 26. Rcd1
{[%emt 00:00:52]} Rg8 {[%clk 00:45:44]} 27. Re2 {[%clk 00:40:55]} {[%emt
00:00:48]} g5 {[%clk 00:45:29]} {[%emt 00:00:20]} 28. Rg2 {[%clk 00:40:01]}
{[%emt 00:00:59]} g4 {[%clk 00:45:22]} {[%emt 00:00:12]} 29. Rg3 {[%clk
00:39:08]} {[%emt 00:00:58]} Rf4 {[%clk 00:45:03]} {[%emt 00:00:24]} 30. Re1
{[%clk 00:36:19]} {[%emt 00:02:55]} Rf3 {[%clk 00:44:44]} {[%emt 00:00:23]} 31.
Rxf3 {[%clk 00:35:48]} {[%emt 00:00:36]} gxf3+ {[%clk 00:44:41]} {[%emt
00:00:08]} 32. Kf2 {[%clk 00:35:45]} {[%emt 00:00:07]} Rg2+ {[%clk 00:44:37]}
{[%emt 00:00:10]} 33. Kxf3 {[%clk 00:35:36]} {[%emt 00:00:09]} Rxh2 {[%clk
00:44:39]} {[%emt 00:00:07]} 34. Re2 {[%clk 00:34:35]} {[%emt 00:01:06]} Rh3+
{[%clk 00:43:57]} {[%emt 00:00:48]} 35. Kf4 {[%clk 00:33:58]} {[%emt 00:00:42]}
Rd3 {[%clk 00:43:47]} {[%emt 00:00:15]} 36. d5 {[%clk 00:33:43]} {[%emt
00:00:21]} Kc8 {[%clk 00:43:03]} {[%emt 00:00:49]} 37. Re3 {[%clk 00:32:43]}
{[%emt 00:01:05]} Rxe3 {[%clk 00:42:25]} {[%emt 00:00:42]} 38. Kxe3 {[%clk
00:32:39]} {[%emt 00:00:07]} Kd7 {[%clk 00:42:22]} {[%emt 00:00:11]} 39. Kd4
{[%clk 00:32:33]} {[%emt 00:00:10]} c6 {[%clk 00:42:19]} {[%emt 00:00:08]} 40.
dxc6+ {[%clk 00:32:27]} {[%emt 00:00:11]} bxc6 {[%clk 00:42:19]} {[%emt
00:00:05]} 41. b4 {[%clk 00:32:21]} {[%emt 00:00:11]} b5 {[%clk 00:42:10]}
{[%emt 00:00:13]} 42. a3 {[%clk 00:32:03]} {[%emt 00:00:24]} Kd8 {[%clk
00:39:21]} {[%emt 00:02:54]} 43. e5 {[%clk 00:31:46]} {[%emt 00:00:22]} d5
{[%clk 00:37:44]} {[%emt 00:01:41]} 44. e6 {[%clk 00:31:04]} {[%emt 00:00:47]}
Ke7 {[%clk 00:31:22]} {[%emt 00:06:28]} 45. Ke5 {[%clk 00:30:40]} {[%emt
00:00:29]} Ke8 {[%clk 00:31:12]} {[%emt 00:00:14]} 46. Kd4 {[%clk 00:30:11]}
{[%emt 00:00:35]} Ke7 {[%clk 00:30:35]} {[%emt 00:00:43]} 47. Ke5 {[%clk
00:30:04]} {[%emt 00:00:12]} Kd8 {[%clk 00:28:50]} {[%emt 00:01:48]} 48. Kd4
{[%clk 00:28:13]} {[%emt 00:01:57]} Ke7 {[%emt 00:00:47]} 1/2-1/2

[Event "DVM U10 2023"]
[Site "Magdeburg GER"]
[Date "2023.12.28"]
[Round "3"]
[White "Karpowitz, Luc"]
[Black "Birkoben, Georgi"]
[Result "1/2-1/2"]
[Termination "normal"]
[Board "13.3"]
[WhiteElo "1061"]
[BlackElo "934"]
[WhiteClock "00:39:01"]
[BlackClock "00:32:04"]
[WhiteTeam "SV Dresden-Leuben"]
[BlackTeam "SC Turm Erfurt"]
[PlyCount "91"]
[EventCountry "GER"]
[EventRounds "7"]
[EventType "team-swiss"]
[EventDate "2023.12.27"]

1. e4 {[%emt 00:00:06]} c5 {[%clk 00:55:06]} 2. Nc3 {[%clk 00:55:03]} {[%emt
00:00:10]} d6 {[%clk 00:55:04]} {[%emt 00:00:06]} 3. Bc4 {[%clk 00:54:58]}
{[%emt 00:00:11]} Nf6 {[%clk 00:55:02]} {[%emt 00:00:07]} 4. d3 {[%clk
00:54:54]} {[%emt 00:00:09]} g6 {[%clk 00:55:01]} {[%emt 00:00:06]} 5. Nf3
{[%clk 00:54:31]} {[%emt 00:00:27]} Bg7 {[%clk 00:55:00]} {[%emt 00:00:07]} 6.
O-O {[%clk 00:52:31]} {[%emt 00:02:05]} O-O {[%clk 00:54:36]} {[%emt 00:00:28]}
7. Nd5 {[%clk 00:52:12]} {[%emt 00:00:24]} Be6 {[%clk 00:53:21]} {[%emt
00:01:21]} 8. Nxf6+ {[%clk 00:51:52]} {[%emt 00:00:25]} Bxf6 {[%clk 00:52:27]}
{[%emt 00:00:59]} 9. Bxe6 {[%clk 00:50:50]} {[%emt 00:01:07]} fxe6 {[%clk
00:51:26]} {[%emt 00:01:07]} 10. Ng5 {[%clk 00:50:19]} {[%emt 00:00:35]} Nc6
{[%clk 00:50:08]} {[%emt 00:01:23]} 11. Nxe6 {[%clk 00:50:06]} {[%emt
00:00:18]} Qd7 {[%clk 00:48:07]} {[%emt 00:02:06]} 12. Nxf8 {[%clk 00:49:41]}
{[%emt 00:00:30]} Rxf8 {[%clk 00:48:08]} {[%emt 00:00:06]} 13. Bh6 {[%clk
00:47:58]} {[%emt 00:01:47]} Bxb2 {[%clk 00:46:48]} {[%emt 00:01:24]} 14. Rb1
{[%clk 00:47:45]} {[%emt 00:00:19]} Bg7 {[%clk 00:45:47]} {[%emt 00:01:06]} 15.
Bxg7 {[%clk 00:47:27]} {[%emt 00:00:23]} Kxg7 {[%clk 00:45:47]} {[%emt
00:00:05]} 16. f4 {[%clk 00:45:58]} {[%emt 00:01:32]} e5 {[%clk 00:44:21]}
{[%emt 00:01:32]} 17. fxe5 {[%clk 00:44:41]} {[%emt 00:01:23]} Rxf1+ {[%clk
00:43:26]} {[%emt 00:01:00]} 18. Qxf1 {[%clk 00:44:35]} {[%emt 00:00:11]} dxe5
{[%clk 00:43:26]} {[%emt 00:00:05]} 19. Rb5 {[%clk 00:43:49]} {[%emt 00:00:51]}
Qf7 {[%clk 00:42:35]} {[%emt 00:00:56]} 20. Qxf7+ {[%clk 00:43:27]} {[%emt
00:00:26]} Kxf7 {[%clk 00:42:31]} {[%emt 00:00:08]} 21. Rxb7+ {[%clk 00:43:26]}
{[%emt 00:00:08]} Kg8 {[%emt 00:01:03]} 22. Rc7 {[%emt 00:00:52]} Nd4 {[%clk
00:39:28]} {[%emt 00:01:13]} 23. Rxc5 {[%clk 00:43:12]} {[%emt 00:00:19]} Nxc2
{[%clk 00:39:24]} {[%emt 00:00:09]} 24. Rxc2 {[%emt 00:00:32]} h5 {[%clk
00:36:49]} {[%emt 00:02:17]} 25. d4 {[%clk 00:43:01]} {[%emt 00:00:12]} exd4
{[%clk 00:36:23]} {[%emt 00:00:31]} 26. Rd2 {[%clk 00:42:57]} {[%emt 00:00:08]}
g5 {[%clk 00:35:06]} {[%emt 00:01:22]} 27. Rxd4 {[%clk 00:42:56]} {[%emt
00:00:06]} g4 {[%clk 00:34:51]} {[%emt 00:00:20]} 28. e5 {[%clk 00:41:48]}
{[%emt 00:01:14]} h4 {[%clk 00:34:42]} {[%emt 00:00:14]} 29. Rxg4+ {[%clk
00:41:46]} {[%emt 00:00:07]} Kf7 {[%clk 00:34:35]} {[%emt 00:00:12]} 30. Rxh4
{[%clk 00:41:35]} {[%emt 00:00:15]} Ke6 {[%clk 00:34:34]} {[%emt 00:00:06]} 31.
Re4 {[%clk 00:41:34]} {[%emt 00:00:06]} Kd5 {[%clk 00:34:11]} {[%emt 00:00:29]}
32. Re1 {[%clk 00:41:31]} {[%emt 00:00:08]} Ke6 {[%clk 00:34:00]} {[%emt
00:00:16]} 33. h4 {[%clk 00:41:34]} {[%emt 00:00:02]} a5 {[%clk 00:33:53]}
{[%emt 00:00:11]} 34. h5 {[%clk 00:41:32]} {[%emt 00:00:07]} a4 {[%clk
00:33:54]} {[%emt 00:00:05]} 35. h6 {[%clk 00:41:30]} {[%emt 00:00:07]} Kf7
{[%clk 00:33:36]} {[%emt 00:00:22]} 36. h7 {[%clk 00:41:28]} {[%emt 00:00:07]}
Kg7 {[%clk 00:33:37]} {[%emt 00:00:05]} 37. e6 {[%clk 00:40:38]} {[%emt
00:00:55]} Kxh7 {[%clk 00:33:32]} {[%emt 00:00:09]} 38. e7 {[%clk 00:40:36]}
{[%emt 00:00:07]} a3 {[%clk 00:33:28]} {[%emt 00:00:10]} 39. e8=Q {[%emt
00:00:07]} Kg7 {[%emt 00:00:09]} 40. Rf1 {[%clk 00:40:06]} {[%emt 00:00:18]}
Kh6 {[%clk 00:33:12]} {[%emt 00:00:21]} 41. Qf8+ {[%clk 00:39:50]} {[%emt
00:00:21]} Kg5 {[%clk 00:33:01]} {[%emt 00:00:16]} 42. Rf5+ {[%clk 00:39:43]}
{[%emt 00:00:12]} Kg4 {[%clk 00:32:55]} {[%emt 00:00:12]} 43. Rf4+ {[%clk
00:39:34]} {[%emt 00:00:14]} Kg3 {[%emt 00:00:20]} 44. Rf3+ {[%emt 00:00:19]}
Kg4 {[%clk 00:32:13]} {[%emt 00:00:07]} 45. Qf4+ {[%clk 00:39:28]} {[%emt
00:00:11]} Kh5 {[%clk 00:32:04]} {[%emt 00:00:14]} 46. Rg3 {[%clk 00:39:01]}
{[%emt 00:00:32]} 1/2-1/2

[Event "DVM U10 2023"]
[Site "Magdeburg GER"]
[Date "2023.12.28"]
[Round "3"]
[White "Nowak Ledesma, Lennon Mika"]
[Black "Weber, David Minh"]
[Result "1/2-1/2"]
[Termination "normal"]
[Board "13.4"]
[WhiteElo "772"]
[BlackElo "851"]
[WhiteClock "00:23:19"]
[BlackClock "00:11:07"]
[WhiteTeam "SC Turm Erfurt"]
[BlackTeam "SV Dresden-Leuben"]
[PlyCount "164"]
[EventCountry "GER"]
[EventRounds "7"]
[EventType "team-swiss"]
[EventDate "2023.12.27"]

1. e4 {[%emt 00:00:03]} e5 {[%clk 00:55:06]} {[%emt 00:00:02]} 2. Nf3 {[%clk
00:55:04]} {[%emt 00:00:16]} Nc6 {[%emt 00:00:21]} 3. d4 {[%clk 00:54:54]} exd4
{[%clk 00:54:57]} {[%emt 00:00:16]} 4. Bc4 {[%clk 00:54:49]} {[%emt 00:00:09]}
Bc5 {[%clk 00:54:44]} {[%emt 00:00:19]} 5. c3 {[%clk 00:54:43]} {[%emt
00:00:11]} dxc3 {[%clk 00:54:21]} {[%emt 00:00:28]} 6. Ng5 {[%clk 00:54:34]}
{[%emt 00:00:13]} Ne5 {[%clk 00:53:31]} {[%emt 00:00:55]} 7. Bxf7+ {[%clk
00:54:21]} {[%emt 00:00:17]} Nxf7 {[%clk 00:53:14]} {[%emt 00:00:22]} 8. Nxf7
{[%clk 00:54:09]} {[%emt 00:00:18]} Kxf7 {[%clk 00:53:05]} {[%emt 00:00:14]} 9.
Qd5+ {[%clk 00:53:51]} {[%emt 00:00:23]} Ke8 {[%clk 00:52:41]} {[%emt
00:00:29]} 10. Qh5+ {[%clk 00:53:41]} {[%emt 00:00:14]} Kf8 {[%clk 00:52:09]}
{[%emt 00:00:39]} 11. Qxc5+ {[%clk 00:53:27]} {[%emt 00:00:14]} Ne7 {[%clk
00:51:59]} {[%emt 00:00:19]} 12. Nxc3 {[%clk 00:53:14]} {[%emt 00:00:17]} d6
{[%clk 00:51:24]} {[%emt 00:00:42]} 13. Qb4 {[%clk 00:52:44]} {[%emt 00:00:34]}
Qe8 {[%clk 00:50:32]} {[%emt 00:00:57]} 14. O-O {[%clk 00:52:22]} {[%emt
00:00:27]} Nc6 {[%clk 00:50:00]} {[%emt 00:00:37]} 15. Qb3 {[%clk 00:51:41]}
{[%emt 00:00:33]} Nd4 {[%clk 00:49:19]} {[%emt 00:00:59]} 16. Qc4 {[%clk
00:50:52]} {[%emt 00:00:52]} c5 {[%clk 00:48:45]} {[%emt 00:00:41]} 17. Bf4
{[%clk 00:50:24]} {[%emt 00:00:32]} Qe7 {[%clk 00:46:47]} {[%emt 00:02:05]} 18.
b4 {[%clk 00:49:44]} {[%emt 00:00:45]} Qf6 {[%clk 00:44:59]} {[%emt 00:01:53]}
19. Nd5 {[%clk 00:49:12]} {[%emt 00:00:33]} Be6 {[%clk 00:42:35]} {[%emt
00:02:33]} 20. Bxd6+ {[%clk 00:48:50]} {[%emt 00:00:26]} Kf7 {[%clk 00:42:06]}
{[%emt 00:00:35]} 21. e5 {[%clk 00:48:21]} {[%emt 00:00:32]} Qf4 {[%clk
00:41:00]} {[%emt 00:01:13]} 22. Qxc5 {[%clk 00:47:59]} {[%emt 00:00:26]} Qe4
{[%clk 00:39:01]} {[%emt 00:02:04]} 23. Rfe1 {[%clk 00:47:15]} {[%emt
00:00:48]} Qxd5 {[%clk 00:38:40]} {[%emt 00:00:26]} 24. Qc7+ {[%clk 00:46:59]}
{[%emt 00:00:21]} Kg6 {[%clk 00:38:20]} {[%emt 00:00:26]} 25. Rad1 {[%clk
00:46:30]} {[%emt 00:00:34]} Rac8 {[%clk 00:36:55]} {[%emt 00:01:29]} 26. Qe7
{[%clk 00:45:33]} {[%emt 00:01:02]} Rhe8 {[%clk 00:35:49]} {[%emt 00:01:12]}
27. Qh4 {[%clk 00:45:10]} {[%emt 00:00:25]} Nf5 {[%clk 00:32:27]} {[%emt
00:03:31]} 28. Qg4+ {[%clk 00:44:26]} {[%emt 00:00:47]} Kf7 {[%clk 00:32:24]}
{[%emt 00:00:10]} 29. Rxd5 {[%clk 00:44:06]} Nxd6 {[%clk 00:31:55]} {[%emt
00:00:59]} 30. Qf3+ {[%clk 00:43:45]} {[%emt 00:00:23]} Nf5 {[%clk 00:31:32]}
{[%emt 00:00:31]} 31. Rdd1 {[%clk 00:43:05]} {[%emt 00:00:44]} Bxa2 {[%clk
00:30:41]} {[%emt 00:00:56]} 32. Qxf5+ {[%clk 00:42:53]} {[%emt 00:00:16]} Kg8
{[%clk 00:29:12]} {[%emt 00:01:36]} 33. Rd2 {[%clk 00:42:23]} {[%emt 00:00:33]}
Bb3 {[%clk 00:27:56]} {[%emt 00:01:23]} 34. Qf3 {[%clk 00:41:21]} {[%emt
00:00:41]} Rxe5 {[%clk 00:24:21]} {[%emt 00:04:05]} 35. Rxe5 {[%clk 00:41:04]}
{[%emt 00:00:20]} Rc1+ {[%clk 00:24:23]} {[%emt 00:00:05]} 36. Rd1 {[%clk
00:40:50]} {[%emt 00:00:17]} Rxd1+ {[%clk 00:24:18]} {[%emt 00:00:13]} 37. Qxd1
{[%clk 00:40:39]} {[%emt 00:00:15]} Bxd1 {[%clk 00:24:12]} {[%emt 00:00:11]}
38. Rd5 {[%clk 00:40:19]} {[%emt 00:00:24]} Ba4 {[%clk 00:23:12]} {[%emt
00:01:07]} 39. Ra5 {[%clk 00:39:28]} {[%emt 00:00:55]} b5 {[%clk 00:22:53]}
{[%emt 00:00:25]} 40. Rxa7 {[%clk 00:39:19]} {[%emt 00:00:13]} h6 {[%clk
00:22:33]} {[%emt 00:00:25]} 41. g4 {[%clk 00:39:07]} {[%emt 00:00:17]} Kh7
{[%clk 00:22:22]} 42. h4 {[%clk 00:38:52]} {[%emt 00:00:32]} Kg6 {[%clk
00:22:12]} {[%emt 00:00:20]} 43. Ra6+ {[%clk 00:38:31]} {[%emt 00:00:24]} Kf7
{[%clk 00:22:05]} {[%emt 00:00:13]} 44. f4 {[%clk 00:38:17]} {[%emt 00:00:16]}
Bc2 {[%clk 00:20:50]} {[%emt 00:01:23]} 45. Kf2 {[%clk 00:37:53]} {[%emt
00:00:27]} g6 {[%clk 00:20:34]} {[%emt 00:00:23]} 46. Ke3 {[%clk 00:36:12]}
{[%emt 00:00:13]} Ba4 {[%clk 00:19:51]} {[%emt 00:02:22]} 47. f5 {[%clk
00:35:50]} gxf5 {[%clk 00:19:36]} {[%emt 00:00:46]} 48. gxf5 h5 {[%emt
00:01:03]} 49. Rb6 {[%clk 00:34:31]} Kg7 {[%clk 00:18:55]} {[%emt 00:01:08]}
50. Ke4 {[%clk 00:34:05]} Kf7 {[%clk 00:18:43]} {[%emt 00:00:48]} 51. f6 {[%clk
00:33:38]} Kg8 {[%clk 00:18:27]} {[%emt 00:00:52]} 52. Ke5 {[%clk 00:33:00]}
Kf7 {[%clk 00:18:06]} {[%emt 00:01:09]} 53. Rb8 {[%clk 00:32:14]} Bb3 {[%clk
00:17:36]} {[%emt 00:01:25]} 54. Ra8 {[%clk 00:31:55]} Kf8 {[%clk 00:17:34]}
{[%emt 00:00:33]} 55. Ra7 {[%clk 00:31:26]} Bc4 {[%clk 00:16:29]} {[%emt
00:01:43]} 56. Kf5 Bf7 {[%emt 00:00:39]} 57. Ra8+ {[%clk 00:30:20]} Be8 {[%clk
00:15:57]} {[%emt 00:01:09]} 58. Rxe8+ {[%clk 00:29:30]} Kxe8 {[%clk 00:15:50]}
{[%emt 00:01:07]} 59. Kg5 {[%clk 00:29:23]} Kf7 {[%clk 00:15:53]} 60. Kxh5
{[%clk 00:28:55]} Kg8 {[%clk 00:15:05]} {[%emt 00:01:26]} 61. Kg5 {[%clk
00:28:48]} Kh7 {[%clk 00:14:49]} {[%emt 00:00:33]} 62. h5 {[%clk 00:28:37]} Kg7
{[%emt 00:01:59]} 63. f7 {[%clk 00:27:49]} Kxf7 {[%clk 00:14:26]} {[%emt
00:00:41]} 64. h6 {[%clk 00:27:38]} Kg8 {[%clk 00:14:13]} {[%emt 00:00:34]} 65.
Kg6 {[%clk 00:27:11]} {[%emt 00:00:32]} Kh8 {[%clk 00:14:01]} {[%emt 00:00:18]}
66. Kg5 {[%clk 00:26:51]} {[%emt 00:00:23]} Kg8 {[%clk 00:13:52]} {[%emt
00:00:15]} 67. Kh5 {[%clk 00:26:41]} {[%emt 00:00:16]} Kh7 {[%clk 00:13:31]}
{[%emt 00:00:26]} 68. Kg5 {[%clk 00:26:29]} {[%emt 00:00:17]} Kg8 {[%clk
00:13:21]} {[%emt 00:00:15]} 69. Kf5 {[%clk 00:26:07]} {[%emt 00:00:26]} Kh7
{[%clk 00:13:13]} {[%emt 00:00:14]} 70. Ke5 {[%clk 00:26:00]} {[%emt 00:00:11]}
Kxh6 {[%clk 00:13:04]} {[%emt 00:00:14]} 71. Kd5 {[%clk 00:25:55]} {[%emt
00:00:10]} Kg7 {[%clk 00:13:05]} {[%emt 00:00:05]} 72. Kc5 {[%clk 00:25:46]}
{[%emt 00:00:14]} Kf7 {[%clk 00:13:01]} {[%emt 00:00:09]} 73. Kxb5 {[%clk
00:25:37]} {[%emt 00:00:14]} Ke7 {[%clk 00:12:55]} {[%emt 00:00:11]} 74. Kc6
{[%clk 00:25:28]} {[%emt 00:00:14]} Kd8 {[%clk 00:12:32]} {[%emt 00:00:28]} 75.
b5 {[%clk 00:25:24]} {[%emt 00:00:09]} Kc8 {[%clk 00:12:29]} {[%emt 00:00:08]}
76. Kb6 {[%clk 00:24:58]} {[%emt 00:01:23]} Kb8 {[%clk 00:11:56]} {[%emt
00:00:07]} 77. Kc6 {[%clk 00:24:49]} {[%emt 00:00:13]} Kc8 {[%clk 00:11:45]}
{[%emt 00:00:16]} 78. Kc5 {[%clk 00:24:44]} {[%emt 00:00:07]} Kb7 {[%clk
00:11:44]} {[%emt 00:00:09]} 79. b6 {[%clk 00:24:38]} {[%emt 00:00:11]} Ka8
{[%clk 00:11:39]} {[%emt 00:00:11]} 80. Kc6 {[%clk 00:24:18]} {[%emt 00:00:23]}
Kb8 {[%clk 00:11:31]} {[%emt 00:00:14]} 81. b7 {[%clk 00:24:14]} {[%emt
00:00:09]} Ka7 {[%emt 00:00:57]} 82. b8=Q+ {[%clk 00:23:19]} {[%emt 00:00:16]}
Kxb8 {[%clk 00:11:07]} 1/2-1/2

[Event "DVM U10 2023"]
[Site "Magdeburg GER"]
[Date "2023.12.28"]
[Round "3"]
[White "Tiuca, Emma"]
[Black "Sun, Christopher"]
[Result "0-1"]
[Termination "normal"]
[Board "14.1"]
[WhiteElo "1148"]
[BlackElo "1417"]
[WhiteClock "00:27:41"]
[BlackClock "00:13:37"]
[WhiteTeam "SG Trier 1877"]
[BlackTeam "Karlsruher SF 1853"]
[PlyCount "98"]
[WhiteFideId "4007549"]
[BlackFideId "34630368"]
[EventCountry "GER"]
[EventRounds "7"]
[EventType "team-swiss"]
[EventDate "2023.12.27"]

1. e4 {[%clk 00:55:08]} e6 {[%clk 00:55:05]} {[%emt 00:00:06]} 2. d4 {[%clk
00:55:05]} {[%emt 00:00:08]} d5 {[%clk 00:55:05]} {[%emt 00:00:05]} 3. Nc3
{[%clk 00:55:00]} {[%emt 00:00:10]} Bb4 {[%clk 00:55:06]} {[%emt 00:00:05]} 4.
Bd2 {[%clk 00:54:52]} {[%emt 00:00:12]} dxe4 {[%clk 00:52:24]} {[%emt
00:02:47]} 5. a3 {[%emt 00:07:57]} Bxc3 {[%clk 00:51:35]} {[%emt 00:00:01]} 6.
Bxc3 {[%clk 00:47:46]} {[%emt 00:00:12]} Nf6 {[%clk 00:51:31]} {[%emt
00:00:10]} 7. f3 {[%emt 00:01:32]} exf3 {[%clk 00:51:02]} 8. Nxf3 {[%clk
00:46:44]} {[%emt 00:00:12]} O-O {[%clk 00:50:49]} {[%emt 00:00:18]} 9. Bd3
{[%clk 00:46:31]} {[%emt 00:00:18]} b6 {[%clk 00:49:10]} {[%emt 00:01:44]} 10.
O-O {[%clk 00:46:15]} {[%emt 00:00:20]} Bb7 {[%clk 00:48:50]} {[%emt 00:00:27]}
11. Qe2 {[%clk 00:44:46]} {[%emt 00:01:30]} Nbd7 {[%clk 00:46:38]} {[%emt
00:02:20]} 12. Rae1 {[%clk 00:44:14]} {[%emt 00:00:36]} Nd5 {[%clk 00:45:35]}
{[%emt 00:01:09]} 13. Bd2 {[%clk 00:43:15]} {[%emt 00:01:03]} h6 {[%clk
00:43:32]} {[%emt 00:02:09]} 14. c4 {[%clk 00:42:59]} {[%emt 00:00:20]} N5f6
{[%clk 00:43:08]} {[%emt 00:00:27]} 15. Bc3 {[%clk 00:42:33]} {[%emt 00:00:33]}
c5 {[%clk 00:39:05]} {[%emt 00:04:09]} 16. Bc2 {[%clk 00:38:27]} {[%emt
00:04:10]} cxd4 {[%clk 00:35:45]} {[%emt 00:03:26]} 17. Bxd4 {[%clk 00:38:10]}
{[%emt 00:00:20]} Qc7 {[%clk 00:35:05]} {[%emt 00:00:46]} 18. Be5 Nxe5 {[%clk
00:33:14]} 19. Qxe5 {[%clk 00:35:02]} {[%emt 00:00:12]} Qxe5 {[%clk 00:32:53]}
{[%emt 00:00:27]} 20. Nxe5 {[%clk 00:34:53]} {[%emt 00:00:13]} Rfd8 {[%clk
00:31:14]} {[%emt 00:01:44]} 21. Rd1 {[%clk 00:33:05]} {[%emt 00:01:53]} Rac8
{[%clk 00:26:56]} {[%emt 00:04:24]} 22. Ba4 {[%emt 00:04:40]} a6 {[%clk
00:23:25]} 23. Nd7 {[%clk 00:30:51]} {[%emt 00:01:19]} Nxd7 {[%clk 00:22:35]}
{[%emt 00:00:56]} 24. Rxd7 {[%clk 00:30:43]} {[%emt 00:00:12]} Rxd7 {[%clk
00:22:12]} {[%emt 00:00:29]} 25. Bxd7 {[%clk 00:30:39]} {[%emt 00:00:09]} Rxc4
{[%clk 00:22:03]} {[%emt 00:00:15]} 26. Rd1 {[%clk 00:30:20]} {[%emt 00:00:22]}
Rc2 {[%clk 00:19:50]} {[%emt 00:02:19]} 27. Ba4 {[%clk 00:29:54]} {[%emt
00:00:30]} Rxg2+ {[%clk 00:18:42]} {[%emt 00:01:14]} 28. Kf1 {[%clk 00:29:48]}
{[%emt 00:00:10]} Rxh2 {[%clk 00:17:52]} {[%emt 00:00:56]} 29. Rd8+ {[%clk
00:29:43]} {[%emt 00:00:09]} Kh7 {[%clk 00:17:46]} {[%emt 00:00:12]} 30. Rd7
{[%clk 00:29:37]} {[%emt 00:00:09]} Bd5 {[%clk 00:17:03]} {[%emt 00:00:49]} 31.
Rxf7 {[%clk 00:29:25]} {[%emt 00:00:17]} Rxb2 {[%clk 00:16:14]} {[%emt
00:00:54]} 32. Ra7 {[%clk 00:29:05]} {[%emt 00:00:25]} Ra2 {[%clk 00:14:51]}
{[%emt 00:01:29]} 33. Rxa6 {[%clk 00:29:01]} {[%emt 00:00:10]} Bc4+ {[%clk
00:14:47]} {[%emt 00:00:08]} 34. Ke1 {[%clk 00:28:51]} {[%emt 00:00:14]} Bxa6
{[%clk 00:14:42]} {[%emt 00:00:11]} 35. Bd7 {[%clk 00:28:47]} {[%emt 00:00:08]}
h5 {[%clk 00:14:34]} {[%emt 00:00:14]} 36. Bxe6 {[%clk 00:28:43]} {[%emt
00:00:09]} Re2+ {[%clk 00:14:32]} {[%emt 00:00:06]} 37. Kd1 {[%clk 00:28:35]}
{[%emt 00:00:12]} Rxe6 {[%clk 00:14:34]} {[%emt 00:00:05]} 38. a4 {[%clk
00:28:28]} {[%emt 00:00:12]} h4 {[%clk 00:14:31]} {[%emt 00:00:08]} 39. a5
{[%clk 00:28:28]} {[%emt 00:00:05]} h3 {[%clk 00:14:31]} {[%emt 00:00:06]} 40.
axb6 {[%clk 00:28:26]} {[%emt 00:00:05]} Rxb6 {[%clk 00:14:21]} {[%emt
00:00:16]} 41. Ke1 {[%clk 00:28:23]} {[%emt 00:00:16]} h2 {[%clk 00:14:20]}
{[%emt 00:00:08]} 42. Kf2 {[%clk 00:28:22]} {[%emt 00:00:06]} h1=Q {[%clk
00:14:12]} {[%emt 00:00:14]} 43. Ke3 {[%clk 00:28:15]} {[%emt 00:00:11]} Qe1+
{[%clk 00:14:07]} {[%emt 00:00:10]} 44. Kd4 {[%clk 00:28:11]} {[%emt 00:00:08]}
Rd6+ {[%clk 00:14:02]} {[%emt 00:00:12]} 45. Kc5 {[%clk 00:28:05]} {[%emt
00:00:10]} Qe5+ {[%clk 00:14:00]} {[%emt 00:00:07]} 46. Kb4 {[%clk 00:28:03]}
{[%emt 00:00:06]} Rd4+ {[%clk 00:13:46]} {[%emt 00:00:20]} 47. Kb3 {[%clk
00:27:59]} {[%emt 00:00:08]} Qe3+ {[%clk 00:13:42]} {[%emt 00:00:10]} 48. Kc2
{[%clk 00:27:55]} {[%emt 00:00:08]} Rd2+ {[%clk 00:13:45]} {[%emt 00:00:04]}
49. Kb1 {[%clk 00:27:41]} {[%emt 00:00:15]} Qe1# {[%clk 00:13:37]} {[%emt
00:00:10]} 0-1